000 00580nam a2200205Ii 4500
003 JO-AjNU
008 230606s9999||||xx |||||||||||||| ||und||
020 _a978-0-7645-5262-5
040 _aJO-AjNU
_beng
_erda
_cJO-AjNU
041 _aeng
050 1 4 _aHB615.A664.2005
100 3 _aAllen,Kathleen,
_eauthor
_91736
245 0 0 _aEntrepreneurship for DUMMIES
264 3 1 _aIndiana:Wiley publishing inc.2005
300 _a361p
336 _atext
_btxt
_2rdacontent
337 _aunmediated
_bn
_2rdamedia
338 _avolume
_bnc
_2rdacarrier
650 4 _aEntrepreneurship
_91737
999 _aE916
_c916
_d916